000 00729nam a2200289Ia 4500
005 20260324123453.0
008 008 260324s9999 xx 000 0 eng d
020 _a9780203235119
037 _aEBOOK
040 _aCRL
040 _beng
040 _cCRL
041 _2eng
041 _aeng
084 _qCRL
100 _aNicole Alecu de Flers
_91170431
245 0 _aEU Foreign Policy and the Europeanization of Neutral States
245 0 _bComparing Irish and Austrian Foreign Policy
260 _bTaylor and Francis
260 _c2012
365 _a
365 _b240
856 _uhttp://www.taylorfrancis.com/books/9780203235119
942 _cEBOOK
999 _c1763981
_d1763981